000 00592nam a2200181 i 4500
001 95112
003 ES-MaACL
005 20250823063049.0
007 t|
008 050523s1928 sp ||||1| spa d
100 1 _aLuis André, Eloy,
_d1876-1935
_974686
245 1 0 _aDeontología
_b: brevario de moral práctica ajustado al cuestionario oficial de deberes éticos y cívicos /
_cEloy Luis André.
260 _aMadrid :
_bRivadeneyra,
_c1928.
300 _a326 p. ;
_c20 cm.
650 7 _aMoral práctica
_2embne
_911261
852 _aES-MaACL
_jB-11780
999 _c95112
_d95112